000 00542nam a2200181Ia 4500
003 OSt
005 20200805114625.0
008 190216s9999||||xx |||||||||||||| ||und||
020 _a9780070151536
040 _coclc
082 _a519.5
_bSPI/S
100 _aSpiegel, Murray R
_9762
245 0 _aStatistics /
_cMurray R Spiegel ; Larry J Stephens
250 _a4th ed.
260 _bTata Mcgraw-Hill Education Private Limited,
_c2011.
_aNew Delhi:
300 _a562p
942 _cBK
_2ddc
_h519.5
_iSPI/S
_k519.5
_mSPI/S
999 _c37244
_d37244